| 000 | 00000nam##2200000za#4500 |
| 001 | 9.640427 |
| 003 | CaOODSP |
| 005 | 20210624222650 |
| 007 | cr ||||||||||| |
| 008 | 150407|1999||||xxc|||||o f|0| 0 fre|d |
| 040 | |aCaOODSP|bfre |
| 043 | |an-cn--- |
| 086 | 1 |aR32-204/1999F-PDF |
| 110 | 1 |aCanada.|bAffaires indiennes et du Nord. |
| 245 | 10|aPropriété intellectuelle et autochtones : |h[ressource électronique]|bdocument de travail / |cPréparé à contrat par Simon Brascoupé et Karin Endemann. |
| 260 | |aOttawa - Ontario : |bAffaires indiennes et du Nord |cAutomne 1999. |
| 300 | |a51p. |
| 500 | |aLe n° de catalogue (R32-204/1999-1F) et l'ISBN (0-662-83886-6) copiés dans cette édition électronique sont incorrects. |
| 504 | |aBibliographie. |
| 520 | 3 |a« Le présent document porte sur l'utilisation, par les Autochtones du Canada, des lois canadiennes en matière de propriété intellectuelle; on y trouvera un examen général des répercussions et des limites de ces lois en ce qui concerne la protection du savoir traditionnel autochtone »--Préface, p.4 de 51. |
| 590 | |a12-28-Supp|b2012-06-15 |
| 691 | 07|aAutochtones|2gcpds |
| 691 | 07|aPropriété intellectuelle|2gcpds |
| 720 | 1 |aBrascoupé, Simon |
| 720 | 1 |aEndemann, Karin |
| 775 | 08|tIntellectual property and Aboriginal people : |w(CaOODSP)9.696309 |
| 856 | 40|ahttp://publications.gc.ca|qPDF|s592 Ko|uhttps://publications.gc.ca/collections/Collection/R32-204-1999F.pdf |
| 986 | |aQS-7018-001-FF-A1 |